<?xml version="1.0" encoding="UTF-8"?>
<record
    xmlns:xsi="http://www.w3.org/2001/XMLSchema-instance"
    xsi:schemaLocation="http://www.loc.gov/MARC21/slim http://www.loc.gov/standards/marcxml/schema/MARC21slim.xsd"
    xmlns="http://www.loc.gov/MARC21/slim">

  <leader>00981nam a22002177a 4500</leader>
  <controlfield tag="005">20250723110814.0</controlfield>
  <datafield tag="010" ind1=" " ind2=" ">
    <subfield code="a">B-746841-843                          E.N.A./7.11.22 ENG-146074</subfield>
  </datafield>
  <datafield tag="020" ind1=" " ind2=" ">
    <subfield code="a">9789351252818</subfield>
    <subfield code="c">750.00</subfield>
  </datafield>
  <datafield tag="035" ind1=" " ind2=" ">
    <subfield code="a">EN-129606</subfield>
  </datafield>
  <datafield tag="037" ind1=" " ind2=" ">
    <subfield code="b">Concept Publishing Company PVY.LTD.</subfield>
  </datafield>
  <datafield tag="037" ind1=" " ind2=" ">
    <subfield code="b">DBAD</subfield>
  </datafield>
  <datafield tag="082" ind1=" " ind2=" ">
    <subfield code="a">305.562</subfield>
    <subfield code="2">1</subfield>
  </datafield>
  <datafield tag="245" ind1=" " ind2=" ">
    <subfield code="a">Dr. B.R. Ambedkar's Ideas and Thoughts/</subfield>
    <subfield code="c">Ed. by Xavier P. Mao [and] Subhash C. Arya</subfield>
  </datafield>
  <datafield tag="260" ind1=" " ind2=" ">
    <subfield code="a">New Delhi</subfield>
    <subfield code="b">Concept Publishing Company PVY.LTD.</subfield>
    <subfield code="c">2021</subfield>
  </datafield>
  <datafield tag="270" ind1=" " ind2=" ">
    <subfield code="a">A/15-16,Commercial Block, Mohan Garden</subfield>
    <subfield code="b">New Delhi</subfield>
    <subfield code="e">110059</subfield>
    <subfield code="k">91-11-41101460</subfield>
  </datafield>
  <datafield tag="300" ind1=" " ind2=" ">
    <subfield code="a">193p.</subfield>
    <subfield code="c">23cm(hbk)</subfield>
  </datafield>
  <datafield tag="700" ind1=" " ind2=" ">
    <subfield code="a">Arya C. Subhash </subfield>
    <subfield code="e">Editor</subfield>
    <subfield code="9">83160</subfield>
  </datafield>
  <datafield tag="700" ind1=" " ind2=" ">
    <subfield code="a">Mao, Xavier P. </subfield>
    <subfield code="e">Editor</subfield>
    <subfield code="9">83161</subfield>
  </datafield>
  <datafield tag="942" ind1=" " ind2=" ">
    <subfield code="2">ddc</subfield>
    <subfield code="c">EN</subfield>
    <subfield code="m">AMB</subfield>
    <subfield code="h">305.562</subfield>
  </datafield>
  <datafield tag="999" ind1=" " ind2=" ">
    <subfield code="c">194142</subfield>
    <subfield code="d">194142</subfield>
  </datafield>
  <datafield tag="952" ind1=" " ind2=" ">
    <subfield code="0">0</subfield>
    <subfield code="1">0</subfield>
    <subfield code="4">0</subfield>
    <subfield code="7">0</subfield>
    <subfield code="8">NFIC</subfield>
    <subfield code="a">L</subfield>
    <subfield code="b">L</subfield>
    <subfield code="d">2023-02-27</subfield>
    <subfield code="e">Concept Pub. Comp./3005/30.11.22/157/23.11.22/30.11.22</subfield>
    <subfield code="g">750.00</subfield>
    <subfield code="l">0</subfield>
    <subfield code="o">305.562 AMB</subfield>
    <subfield code="p">B-746841</subfield>
    <subfield code="r">2023-02-27 00:00:00</subfield>
    <subfield code="t">1</subfield>
    <subfield code="v">750.00</subfield>
    <subfield code="w">2023-02-27</subfield>
    <subfield code="y">EN</subfield>
    <subfield code="z">Issued to staff (Page No. 102)</subfield>
  </datafield>
  <datafield tag="952" ind1=" " ind2=" ">
    <subfield code="0">0</subfield>
    <subfield code="1">0</subfield>
    <subfield code="4">0</subfield>
    <subfield code="7">0</subfield>
    <subfield code="8">NFIC</subfield>
    <subfield code="a">M</subfield>
    <subfield code="b">M</subfield>
    <subfield code="d">2023-02-27</subfield>
    <subfield code="e">Concept Pub. Comp./3005/30.11.22/157/23.11.22/30.11.22</subfield>
    <subfield code="g">750.00</subfield>
    <subfield code="l">0</subfield>
    <subfield code="o">305.562 AMB</subfield>
    <subfield code="p">B-746842</subfield>
    <subfield code="r">2023-02-27 00:00:00</subfield>
    <subfield code="t">1</subfield>
    <subfield code="v">750.00</subfield>
    <subfield code="y">EN</subfield>
  </datafield>
  <datafield tag="952" ind1=" " ind2=" ">
    <subfield code="0">0</subfield>
    <subfield code="1">0</subfield>
    <subfield code="4">0</subfield>
    <subfield code="7">0</subfield>
    <subfield code="8">NFIC</subfield>
    <subfield code="a">ZLS</subfield>
    <subfield code="b">ZLS</subfield>
    <subfield code="d">2023-02-27</subfield>
    <subfield code="e">Concept Pub. Comp./3005/30.11.22/157/23.11.22/30.11.22</subfield>
    <subfield code="g">750.00</subfield>
    <subfield code="l">0</subfield>
    <subfield code="o">305.562 AMB</subfield>
    <subfield code="p">B-746843</subfield>
    <subfield code="r">2023-02-27 00:00:00</subfield>
    <subfield code="t">1</subfield>
    <subfield code="v">750.00</subfield>
    <subfield code="y">EN</subfield>
  </datafield>
  <datafield tag="952" ind1=" " ind2=" ">
    <subfield code="0">0</subfield>
    <subfield code="1">0</subfield>
    <subfield code="4">0</subfield>
    <subfield code="7">0</subfield>
    <subfield code="8">NFIC</subfield>
    <subfield code="a">JP</subfield>
    <subfield code="b">JP</subfield>
    <subfield code="d">2025-07-23</subfield>
    <subfield code="e">Delivery of Books Act Division</subfield>
    <subfield code="g">750.00</subfield>
    <subfield code="l">0</subfield>
    <subfield code="o">AMB 305.562</subfield>
    <subfield code="p">EN-129606</subfield>
    <subfield code="r">2025-07-23 00:00:00</subfield>
    <subfield code="t">1</subfield>
    <subfield code="v">750.00</subfield>
    <subfield code="w">2025-07-23</subfield>
    <subfield code="y">EN</subfield>
  </datafield>
</record>
